000 00593nam a22001937a 4500
005 20171125144227.0
010 _aENG-121625
020 _a9789325992289
_c195.00
035 _aEN-105157
037 _bDBAD/PUB
082 _a000
100 _aKarna,Satish K.
245 _aS.Chand's microprocessors GATE PSUs and ES examination /
_cby Satish K. Karna
260 _aNew Delhi
_bS.Chand & Company
_c2016
270 _a7361,Ram Nagar
_bNew Delhi
_e110055
300 _aVerious Pagings. :
_c24cm(pbk)
_bill.
490 _aExam Success Series
942 _2ddc
_cEN
_h000
_mKAR
999 _c147766
_d147766